[Event "Fagernes GM Swiss 2020"]
[Site "Fagernes"]
[Date "2020.10.04"]
[Round "1.1"]
[White "Shehzad, Shazil"]
[Black "Postny, Evgeny"]
[Result "0-1"]
[WhiteElo "2188"]
[BlackElo "2603"]
[Annotator "TA"]
[PlyCount "92"]
[EventDate "2020.10.04"]
[EventType "swiss"]
[EventCountry "NOR"]
[SourceTitle "playchess.com"]
[Source "ChessBase"]
[SourceQuality "1"]

{[%evp 10,92,25,7,15,18,25,19,18,21,21,24,26,25,26,15,27,25,30,9,20,9,12,11,11,10,19,15,18,16,26,18,16,-23,-38,-38,-19,-58,-33,-16,-16,-7,-13,-22,-32,-31,-37,-35,-35,-30,-33,-42,0,0,-7,-214,-199,-234,-235,-243,-245,-234,-227,-231,-216,-213,-227,-211,-204,-400,-391,-369,-325,-402,-391,-363,-353,-324,-337,-12838,-12838,-12837,-12838,-12838,-12839]} 1. e4 c6 2. Nc3 d5 3. Nf3 Bg4 4. h3 Bxf3 5. Qxf3 Nf6 6. Be2 e6 {B11: Caro-Kann: Two Knights Variation.} 7. O-O Be7 8. d4 dxe4 {The position is equal.} 9. Qe3 {[#]} O-O $146 ({Predecessor:} 9... Nbd7 10. Nxe4 Nxe4 11. Qxe4 Nf6 12. Qd3 Qd6 13. c3 O-O 14. Qf3 Qd5 15. Qxd5 exd5 {½-½ (38) Powierski,E (2317)-Boe,M (2325) Germany 2017}) 10. Nxe4 Nxe4 11. Qxe4 Nd7 12. Rd1 Nf6 13. Qf3 Re8 14. Bg5 Nd5 15. Bd2 Nb6 16. Qg4 Bf6 17. Bf4 Nd5 18. Bg3 Qb6 19. Rab1 Rad8 20. c3 Rd7 21. Be5 Bxe5 22. dxe5 {Black should prevent c4.} Red8 23. Rd3 Ne7 (23... g6 {is more complex.} 24. a3 h5 25. Qg5 Nf4 26. Re3 Nxe2+ 27. Rxe2 Rd3) 24. Rbd1 Rxd3 25. Bxd3 g6 26. Bf1 Rd5 $36 {[%mdl 2048] Black has the initiative.} 27. c4 h5 (27... Rxe5 $6 28. Rd7 $14) 28. Qe2 Rxd1 29. Qxd1 Nf5 30. Qd7 Qxb2 {Threatening ...Kg7.} 31. Qd8+ Kh7 32. g4 $2 {White does not recover from this.} (32. Qf6 $1 $11 {and White has nothing to worry.}) 32... hxg4 $19 33. Qf6 g3 $1 ({And not} 33... Qxa2 34. hxg4 (34. Qxf7+ Ng7 $11) 34... Ng7 35. Qh4+ Kg8 36. Qd8+ Kh7 37. Qh4+ Kg8 38. Qd8+ Kh7 39. Qh4+ $11) 34. Qxf7+ {[#]} Kh6 $1 35. Qf8+ {[#]} Kg5 $1 36. Qd8+ {[#]} Kf4 $1 37. fxg3+ Kxg3 {[%csl Gg3][%cal Rb2h2]} 38. Qg5+ {[#]} Kf3 $1 {( -> ...Qf2+)} 39. Bg2+ $2 (39. Qg4+ Ke3 40. Qg5+ Ke4 41. Qxg6) 39... Ke2 40. Qg4+ Kd2 41. Qxg6 Qd4+ 42. Kh1 Qa1+ ({Not} 42... Qxe5 43. Bf3 $19) ({Resist} 42... Qxc4 43. Qg5+ Kc2 44. Qg4 $19) 43. Kh2 Qxe5+ 44. Kh1 $2 (44. Kg1) 44... Ng3+ {Black is clearly winning.} 45. Kg1 Ne2+ 46. Kh1 Qa1+ {[%mdl 64] Double Attack. Accuracy: White = 68%, Black = 93%.} 0-1

[Event "Fagernes GM Swiss 2020"]
[Site "Fagernes"]
[Date "2020.10.04"]
[Round "1.2"]
[White "Agdestein, Simen"]
[Black "Torngren, Gustav"]
[Result "1-0"]
[WhiteElo "2552"]
[BlackElo "2185"]
[Annotator "TA"]
[PlyCount "43"]
[EventDate "2020.10.04"]
[EventType "swiss"]
[EventCountry "NOR"]
[SourceTitle "playchess.com"]
[Source "ChessBase"]
[SourceQuality "1"]

{[%evp 11,43,19,77,85,77,85,75,83,73,68,77,66,168,157,160,140,197,193,183,181,222,275,264,270,265,264,268,243,255,228,570,160,591,561]} 1. d4 e6 2. e4 b6 3. Nf3 Bb7 4. Bd3 c5 5. c3 Nf6 6. Qe2 Be7 (6... d5 $11) 7. e5 $16 {B00: Queen's Fianchetto Defence, Nimzowitsch Defence.} Nd5 8. c4 Nc7 9. dxc5 {White is better.} bxc5 10. O-O Nc6 {[#]} 11. Rd1 $146 ({Predecessor:} 11. Nc3 d5 12. exd6 Bxd6 13. Rd1 Qe7 14. Be3 Ne5 15. Be4 Nxf3+ 16. Qxf3 Bxe4 17. Nxe4 Rd8 18. Rxd6 {1-0 (18) Dobes,V (2132)-Matyska,J (1959) Stare Mesto 2014}) 11... g5 ({Black should play} 11... O-O $14) 12. Nc3 h5 13. Be4 g4 {[#]} (13... Rb8 $16 {was worth a try.}) 14. Nd2 $1 $18 Nd4 15. Qd3 Qb8 16. Nb3 Na6 {intending ...Nb4.} 17. Nxd4 Nb4 18. Qe3 Bxe4 19. Nxe4 ({Don't do} 19. Qxe4 $6 cxd4 20. Qxd4 Nc2 $16) 19... cxd4 20. Qxd4 Nc2 $2 {[#]} (20... Qd8 21. Nd6+ Bxd6) 21. Qxd7+ Kf8 22. Bg5 {White took control after the opening. Accuracy: White = 100%, Black = 63%.} 1-0

[Event "Fagernes GM Swiss 2020"]
[Site "Fagernes"]
[Date "2020.10.04"]
[Round "1.3"]
[White "Kvaloy, Aksel Bu"]
[Black "Urkedal, Frode Olav Olsen"]
[Result "0-1"]
[WhiteElo "2174"]
[BlackElo "2549"]
[Annotator "ChessBase"]
[PlyCount "88"]
[EventDate "2020.10.04"]
[EventType "swiss"]
[EventCountry "NOR"]
[SourceTitle "playchess.com"]
[Source "ChessBase"]
[SourceQuality "1"]
[TimeControl "40/6000+30:2400+30"]

1. e4 {[%emt 0:00:00]} e5 {[%emt 0:00:00]} 2. Nf3 {[%emt 0:00:00]} Nc6 {[%emt 0:00:00]} 3. Bb5 {[%emt 0:00:00]} a6 {[%emt 0:00:00]} 4. Ba4 {[%emt 0:00:11]} Nf6 {[%emt 0:00:00]} 5. O-O {[%emt 0:00:21]} Be7 {[%emt 0:00:07]} 6. Re1 {[%emt 0:00:27]} b5 {[%emt 0:00:11]} 7. Bb3 {[%emt 0:00:06]} O-O {[%emt 0:00:08]} 8. a4 {[%emt 0:00:30]} Bb7 {[%emt 0:00:42]} 9. d3 {[%emt 0:06:26]} d6 {[%emt 0:00:22]} 10. c3 {[%emt 0:02:27]} Nd7 {[%emt 0:00:48]} 11. a5 {[%emt 0:03:09]} Bf6 {[%emt 0:10:01]} 12. Nbd2 {[%emt 0:02:07]} Ne7 {[%emt 0:08:04]} 13. Nf1 {[%emt 0:02:54]} c5 {[%emt 0:00:17]} 14. Ng3 {[%emt 0:02:03]} Nc6 {[%emt 0:04:03]} 15. Nf5 {[%emt 0:02:34]} Nxa5 {[%emt 0:02:51]} 16. Nxd6 {[%emt 0:00:36]} Nxb3 {[%emt 0:01:02]} 17. Nxb7 {[%emt 0:00:14]} Qc7 {[%emt 0:00:14]} 18. Qxb3 {[%emt 0:00:07]} Qxb7 {[%emt 0:00:04]} 19. d4 {[%emt 0:01:53]} exd4 {[%emt 0:04:20]} 20. e5 {[%emt 0:05:08]} Be7 {[%emt 0:04:09]} 21. cxd4 {[%emt 0:06:06]} c4 {[%emt 0:03:04]} 22. Qc2 {[%emt 0:00:56]} Qd5 {[%emt 0:02:33]} 23. Bg5 {[%emt 0:01:19]} Bb4 {[%emt 0:05:14]} 24. Re4 {[%emt 0:01:31]} Rfe8 {[%emt 0:28:44]} 25. Rh4 {[%emt 0:09:00]} Nf8 {[%emt 0:00:49]} 26. Be3 {[%emt 0:06:16]} a5 {[%emt 0:06:51]} 27. Rh3 {[%emt 0:04:01]} Ra6 {[%emt 0:07:57]} 28. Ng5 {[%emt 0:01:36]} h6 {[%emt 0:02:14]} 29. Ne4 {[%emt 0:00:58]} f5 {[%emt 0:00:38]} 30. Ng3 {[%emt 0:03:29]} f4 {[%emt 0:00:29]} 31. Bxf4 {[%emt 0:00:45]} Qxd4 {[%emt 0:03:10]} 32. Nh5 {[%emt 0:03:04]} Rg6 {[%emt 0:01:08]} 33. Rd1 {[%emt 0:06:00]} Qb6 {[%emt 0:00:38]} 34. Be3 {[%emt 0:14:40]} Qc6 {[%emt 0:03:24]} 35. f4 {[%emt 0:01:24]} Bc5 {[%emt 0:01:20]} 36. Bxc5 {[%emt 0:11:25]} Qxc5+ {[%emt 0:00:06]} 37. Kh1 {[%emt 0:00:18]} a4 {[%emt 0:02:55]} 38. Rd7 {[%emt 0:02:29]} Qc6 {[%emt 0:03:28]} 39. Ra7 {[%emt 0:03:33]} Rd8 {[%emt 0:02:38]} 40. Rg3 {[%emt 0:02:16]} Rxg3 {[%emt 0:00:45]} 41. hxg3 {[%emt 0:40:08]} Rd7 {[%emt 0:40:04]} 42. Rxd7 {[%emt 0:01:12]} Qxd7 {[%emt 0:05:28]} 43. Kg1 {[%emt 0:00:00]} Qd3 {[%emt 0:00:00]} 44. Qc1 {[%emt 0:00:00]} Qe2 {[%emt 0:00:00]} 0-1

[Event "Fagernes GM Swiss 2020"]
[Site "Fagernes"]
[Date "2020.10.04"]
[Round "1.4"]
[White "Miezis, Normunds"]
[Black "Fossan, Aleksander"]
[Result "1-0"]
[WhiteElo "2485"]
[BlackElo "2171"]
[Annotator "ChessBase"]
[PlyCount "73"]
[EventDate "2020.10.04"]
[EventType "swiss"]
[EventCountry "NOR"]
[SourceTitle "playchess.com"]
[Source "ChessBase"]
[SourceQuality "1"]
[TimeControl "40/6000+30:2400+30"]

1. c4 {[%emt 0:00:00]} e5 {[%emt 0:01:45]} 2. Nc3 {[%emt 0:00:27]} d6 {[%emt 0:01:02]} 3. g3 {[%emt 0:00:49]} f5 {[%emt 0:00:43]} 4. d4 {[%emt 0:02:00]} Be7 {[%emt 0:03:36]} 5. Bg2 {[%emt 0:02:25]} c6 {[%emt 0:05:24]} 6. b3 {[%emt 0:03:49]} Nf6 {[%emt 0:01:18]} 7. Bb2 {[%emt 0:00:38]} O-O {[%emt 0:02:49]} 8. e3 {[%emt 0:00:29]} Na6 {[%emt 0:05:24]} 9. Nge2 {[%emt 0:01:13]} Qe8 {[%emt 0:06:09]} 10. O-O {[%emt 0:06:27]} e4 {[%emt 0:06:58]} 11. d5 {[%emt 0:01:22]} c5 {[%emt 0:00:26]} 12. Nb5 {[%emt 0:01:55]} Bd7 {[%emt 0:03:23]} 13. a4 {[%emt 0:00:15]} Qf7 {[%emt 0:15:53]} 14. Qd2 {[%emt 0:06:20]} Nb4 {[%emt 0:04:34]} 15. f3 {[%emt 0:08:05]} a6 {[%emt 0:06:46]} 16. Nc7 {[%emt 0:02:07]} Rac8 {[%emt 0:01:51]} 17. Ne6 {[%emt 0:01:29]} Bxe6 {[%emt 0:01:39]} 18. dxe6 {[%emt 0:00:16]} Qxe6 {[%emt 0:00:25]} 19. Nf4 {[%emt 0:00:15]} Qd7 {[%emt 0:03:42]} 20. Rad1 {[%emt 0:03:57]} exf3 {[%emt 0:13:30]} 21. Bxf3 {[%emt 0:00:45]} Ne4 {[%emt 0:00:11]} 22. Bxe4 {[%emt 0:07:04]} fxe4 {[%emt 0:00:02]} 23. Nd5 {[%emt 0:04:57]} Nd3 {[%emt 0:11:03]} 24. Nb6 {[%emt 0:05:04]} Qg4 {[%emt 0:00:18]} 25. Nxc8 {[%emt 0:01:57]} Rxc8 {[%emt 0:01:52]} 26. Kg2 {[%emt 0:06:19]} h5 {[%emt 0:03:18]} 27. h3 {[%emt 0:03:36]} Qg6 {[%emt 0:00:16]} 28. Kh2 {[%emt 0:00:42]} d5 {[%emt 0:02:50]} 29. cxd5 {[%emt 0:02:56]} Bd6 {[%emt 0:00:17]} 30. Rf4 {[%emt 0:02:16]} Bxf4 {[%emt 0:02:26]} 31. gxf4 {[%emt 0:00:22]} Rc7 {[%emt 0:01:28]} 32. Rg1 {[%emt 0:02:09]} Qb6 {[%emt 0:01:14]} 33. Be5 {[%emt 0:04:48]} Rd7 {[%emt 0:00:18]} 34. Qg2 {[%emt 0:01:19]} Qh6 {[%emt 0:01:28]} 35. Qxe4 {[%emt 0:03:35]} Nb4 {[%emt 0:01:15]} 36. Rg6 {[%emt 0:02:17]} Qh7 {[%emt 0:00:19]} 37. Qf5 {[%emt 0:02:11]} 1-0

[Event "Fagernes GM Swiss 2020"]
[Site "Fagernes"]
[Date "2020.10.04"]
[Round "1.5"]
[White "Brodtkorb, Lars Johan"]
[Black "Notkevich, Benjamin Arvola"]
[Result "0-1"]
[WhiteElo "2166"]
[BlackElo "2482"]
[Annotator "ChessBase"]
[PlyCount "66"]
[EventDate "2020.10.04"]
[EventType "swiss"]
[EventCountry "NOR"]
[SourceTitle "playchess.com"]
[Source "ChessBase"]
[SourceQuality "1"]
[TimeControl "40/6000+30:2400+30"]

1. d4 {[%emt 0:03:18]} Nf6 {[%emt 0:00:00]} 2. c4 {[%emt 0:00:16]} e6 {[%emt 0:00:00]} 3. Nc3 {[%emt 0:00:21]} Bb4 {[%emt 0:00:00]} 4. f3 {[%emt 0:03:49]} c5 {[%emt 0:00:04]} 5. d5 {[%emt 0:00:06]} b5 {[%emt 0:00:07]} 6. e4 {[%emt 0:00:08]} O-O {[%emt 0:00:05]} 7. e5 {[%emt 0:00:12]} Ne8 {[%emt 0:00:05]} 8. f4 {[%emt 0:00:09]} exd5 {[%emt 0:00:07]} 9. cxd5 {[%emt 0:00:11]} d6 {[%emt 0:02:03]} 10. Nf3 {[%emt 0:04:02]} c4 {[%emt 0:00:07]} 11. a4 {[%emt 0:04:42]} Nd7 {[%emt 0:00:35]} 12. Be2 {[%emt 0:54:38]} Qb6 {[%emt 0:00:39]} 13. axb5 {[%emt 0:00:08]} dxe5 {[%emt 0:00:35]} 14. fxe5 {[%emt 0:00:39]} Nc7 {[%emt 0:01:28]} 15. Qd4 {[%emt 0:13:27]} Qxd4 {[%emt 0:04:42]} 16. Nxd4 {[%emt 0:01:25]} Nxd5 {[%emt 0:23:37]} 17. Bf3 {[%emt 0:16:02]} Bb7 {[%emt 0:00:11]} 18. Nc6 {[%emt 0:00:34]} Nxc3 {[%emt 0:03:17]} 19. Bd2 {[%emt 0:02:20]} Nxe5 {[%emt 0:05:26]} 20. Nxe5 {[%emt 0:01:39]} Bxf3 {[%emt 0:00:28]} 21. Nxf3 {[%emt 0:01:48]} Rfe8+ {[%emt 0:00:49]} 22. Kf1 {[%emt 0:00:02]} Nd5 {[%emt 0:00:11]} 23. Bxb4 {[%emt 0:00:49]} Nxb4 {[%emt 0:00:06]} 24. Ra4 {[%emt 0:00:41]} Nd3 {[%emt 0:07:16]} 25. Rxc4 {[%emt 0:00:07]} Rab8 {[%emt 0:00:05]} 26. Rd4 {[%emt 0:00:55]} Nxb2 {[%emt 0:00:34]} 27. Rd5 {[%emt 0:00:30]} Na4 {[%emt 0:06:53]} 28. Kf2 {[%emt 0:00:09]} Nc3 {[%emt 0:00:08]} 29. Rd7 {[%emt 0:00:07]} Ne4+ {[%emt 0:00:55]} 30. Kf1 {[%emt 0:00:31]} Rxb5 {[%emt 0:00:06]} 31. Rxa7 {[%emt 0:00:07]} Rb1+ {[%emt 0:00:10]} 32. Ne1 {[%emt 0:00:06]} Ng3+ {[%emt 0:00:15]} 33. hxg3 {[%emt 0:00:07]} Rbxe1+ {[%emt 0:00:09]} 0-1

[Event "Fagernes GM Swiss 2020"]
[Site "Fagernes"]
[Date "2020.10.04"]
[Round "1.6"]
[White "Haug, Johannes"]
[Black "Royset, Pal"]
[Result "1-0"]
[WhiteElo "2481"]
[BlackElo "2150"]
[Annotator "ChessBase"]
[PlyCount "111"]
[EventDate "2020.10.04"]
[EventType "swiss"]
[EventCountry "NOR"]
[SourceTitle "playchess.com"]
[Source "ChessBase"]
[SourceQuality "1"]
[TimeControl "40/6000+30:2400+30"]

1. Nf3 {[%emt 0:00:00]} Nf6 {[%emt 0:00:23]} 2. c4 {[%emt 0:00:00]} c6 {[%emt 0:01:47]} 3. Nc3 {[%emt 0:07:05]} d5 {[%emt 0:01:59]} 4. d4 {[%emt 0:03:38]} g6 {[%emt 0:02:32]} 5. cxd5 {[%emt 0:03:09]} cxd5 {[%emt 0:01:14]} 6. Bf4 {[%emt 0:00:22]} Bg7 {[%emt 0:01:46]} 7. h3 {[%emt 0:01:05]} Nc6 {[%emt 0:05:06]} 8. Qb3 {[%emt 0:13:11]} O-O {[%emt 0:03:57]} 9. e3 {[%emt 0:00:13]} a6 {[%emt 0:08:46]} 10. Be2 {[%emt 0:05:40]} e6 {[%emt 0:08:35]} 11. O-O {[%emt 0:15:42]} b5 {[%emt 0:09:35]} 12. Rfc1 {[%emt 0:04:49]} Bb7 {[%emt 0:07:02]} 13. Ne5 {[%emt 0:09:40]} Na5 {[%emt 0:16:00]} 14. Qd1 {[%emt 0:03:49]} Qe7 {[%emt 0:05:28]} 15. Nd3 {[%emt 0:10:16]} Rfc8 {[%emt 0:01:46]} 16. Nc5 {[%emt 0:02:19]} Nd7 {[%emt 0:06:22]} 17. Nxb7 {[%emt 0:02:33]} Nxb7 {[%emt 0:00:05]} 18. a4 {[%emt 0:06:28]} b4 {[%emt 0:01:16]} 19. Na2 {[%emt 0:00:42]} a5 {[%emt 0:01:31]} 20. Rxc8+ {[%emt 0:01:55]} Rxc8 {[%emt 0:00:05]} 21. Rc1 {[%emt 0:00:08]} Rxc1 {[%emt 0:02:23]} 22. Nxc1 {[%emt 0:04:10]} g5 {[%emt 0:06:08]} 23. Bc7 {[%emt 0:04:09]} Ndc5 {[%emt 0:02:09]} 24. Bh2 {[%emt 0:00:06]} Ne4 {[%emt 0:01:13]} 25. Qc2 {[%emt 0:00:21]} Bf8 {[%emt 0:05:55]} 26. Nb3 {[%emt 0:03:10]} Qd8 {[%emt 0:00:31]} 27. Qc7 {[%emt 0:03:53]} Qxc7 {[%emt 0:04:06]} 28. Bxc7 {[%emt 0:00:05]} Bd6 {[%emt 0:00:31]} 29. Bb6 {[%emt 0:00:48]} Be7 {[%emt 0:02:12]} 30. Nxa5 {[%emt 0:02:00]} Nxa5 {[%emt 0:01:35]} 31. Bxa5 {[%emt 0:00:05]} Nd2 {[%emt 0:01:59]} 32. Bc7 {[%emt 0:01:20]} Nc4 {[%emt 0:00:51]} 33. a5 {[%emt 0:00:49]} Bd6 {[%emt 0:00:28]} 34. Bxd6 {[%emt 0:01:52]} Nxd6 {[%emt 0:00:04]} 35. Kf1 {[%emt 0:00:10]} Kf8 {[%emt 0:00:05]} 36. Ke1 {[%emt 0:00:37]} Ke7 {[%emt 0:00:04]} 37. Kd2 {[%emt 0:01:27]} Kd7 {[%emt 0:00:07]} 38. Kc2 {[%emt 0:00:29]} Kc6 {[%emt 0:02:11]} 39. Kb3 {[%emt 0:00:18]} f6 {[%emt 0:00:42]} 40. Kxb4 {[%emt 0:00:13]} e5 {[%emt 0:00:05]} 41. Bd3 {[%emt 0:40:59]} h5 {[%emt 0:40:13]} 42. Ka4 {[%emt 0:00:00]} e4 {[%emt 0:00:00]} 43. Be2 {[%emt 0:00:00]} h4 {[%emt 0:00:00]} 44. b4 {[%emt 0:00:00]} f5 {[%emt 0:00:00]} 45. b5+ {[%emt 0:00:00]} Kb7 {[%emt 0:00:00]} 46. Kb4 {[%emt 0:00:00]} f4 {[%emt 0:00:00]} 47. exf4 {[%emt 0:00:00]} gxf4 {[%emt 0:00:00]} 48. Kc5 {[%emt 0:00:00]} Nf5 {[%emt 0:00:00]} 49. Kxd5 {[%emt 0:00:00]} e3 {[%emt 0:00:00]} 50. Ke4 {[%emt 0:00:00]} Nd6+ {[%emt 0:00:00]} 51. Kxf4 {[%emt 0:00:00]} exf2 {[%emt 0:00:00]} 52. Ke3 {[%emt 0:00:00]} Nf5+ {[%emt 0:00:00]} 53. Kxf2 {[%emt 0:00:00]} Nxd4 {[%emt 0:00:00]} 54. Bd3 {[%emt 0:00:00]} Nb3 {[%emt 0:00:00]} 55. a6+ {[%emt 0:00:00]} Kb6 {[%emt 0:00:00]} 56. Kf3 {[%emt 0:00:00]} 1-0

[Event "Fagernes GM Swiss 2020"]
[Site "Fagernes"]
[Date "2020.10.04"]
[Round "1.7"]
[White "Unneland, Mathias"]
[Black "Haldorsen, Benjamin"]
[Result "0-1"]
[WhiteElo "2149"]
[BlackElo "2469"]
[Annotator "ChessBase"]
[PlyCount "144"]
[EventDate "2020.10.04"]
[EventType "swiss"]
[EventCountry "NOR"]
[SourceTitle "playchess.com"]
[Source "ChessBase"]
[SourceQuality "1"]
[TimeControl "40/6000+30:2400+30"]

1. d4 {[%emt 0:00:00]} g6 {[%emt 0:02:12]} 2. e4 {[%emt 0:00:00]} Bg7 {[%emt 0:00:05]} 3. Nc3 {[%emt 0:00:14]} c6 {[%emt 0:00:11]} 4. Nf3 {[%emt 0:01:28]} d5 {[%emt 0:00:07]} 5. e5 {[%emt 0:00:10]} f6 {[%emt 0:01:12]} 6. Bd3 {[%emt 0:01:27]} Bg4 {[%emt 0:04:22]} 7. exf6 {[%emt 0:11:15]} exf6 {[%emt 0:00:36]} 8. O-O {[%emt 0:01:16]} Ne7 {[%emt 0:05:21]} 9. h3 {[%emt 0:01:53]} Bf5 {[%emt 0:01:54]} 10. Re1 {[%emt 0:13:02]} Bxd3 {[%emt 0:09:04]} 11. Qxd3 {[%emt 0:00:10]} Na6 {[%emt 0:05:31]} 12. Ne2 {[%emt 0:04:29]} Qd7 {[%emt 0:03:18]} 13. Nf4 {[%emt 0:02:35]} Nc7 {[%emt 0:07:56]} 14. Qa3 {[%emt 0:09:48]} Kf7 {[%emt 0:06:33]} 15. g4 {[%emt 0:05:58]} Rhe8 {[%emt 0:09:23]} 16. Bd2 {[%emt 0:03:35]} Nb5 {[%emt 0:11:01]} 17. Qd3 {[%emt 0:03:12]} Ng8 {[%emt 0:04:18]} 18. g5 {[%emt 0:04:23]} Qf5 {[%emt 0:17:48]} 19. Qxf5 {[%emt 0:04:31]} gxf5 {[%emt 0:00:36]} 20. Nd3 {[%emt 0:06:38]} Rxe1+ {[%emt 0:06:34]} 21. Rxe1 {[%emt 0:00:20]} Re8 {[%emt 0:00:58]} 22. Rxe8 {[%emt 0:01:07]} Kxe8 {[%emt 0:00:03]} 23. c3 {[%emt 0:03:59]} Nc7 {[%emt 0:04:34]} 24. Nf4 {[%emt 0:03:38]} fxg5 {[%emt 0:00:28]} 25. Nxg5 {[%emt 0:01:06]} Nf6 {[%emt 0:01:19]} 26. Nfe6 {[%emt 0:02:11]} Nxe6 {[%emt 0:00:27]} 27. Nxe6 {[%emt 0:00:09]} Bf8 {[%emt 0:00:45]} 28. Nxf8 {[%emt 0:01:55]} Kxf8 {[%emt 0:00:01]} 29. f3 {[%emt 0:01:10]} Kf7 {[%emt 0:01:42]} 30. Bf4 {[%emt 0:00:57]} Nh5 {[%emt 0:00:41]} 31. Be5 {[%emt 0:02:04]} Kg6 {[%emt 0:00:06]} 32. h4 {[%emt 0:03:24]} f4 {[%emt 0:01:47]} 33. Bb8 {[%emt 0:02:51]} a6 {[%emt 0:00:11]} 34. Kg2 {[%emt 0:00:35]} Kf5 {[%emt 0:00:14]} 35. Bc7 {[%emt 0:01:21]} Ng7 {[%emt 0:02:53]} 36. Kh3 {[%emt 0:00:40]} b5 {[%emt 0:00:25]} 37. b4 {[%emt 0:03:44]} Ne6 {[%emt 0:00:10]} 38. Bb6 {[%emt 0:00:54]} Nf8 {[%emt 0:02:05]} 39. Bc5 {[%emt 0:00:47]} Nd7 {[%emt 0:00:09]} 40. Ba7 {[%emt 0:00:57]} Nf6 {[%emt 0:01:23]} 41. Bb8 {[%emt 0:41:39]} Nh5 {[%emt 0:40:53]} 42. Kg2 {[%emt 0:00:09]} Ng7 {[%emt 0:00:00]} 43. Be5 {[%emt 0:00:00]} Ne6 {[%emt 0:00:00]} 44. Bd6 {[%emt 0:00:00]} Kg6 {[%emt 0:00:00]} 45. Kh3 {[%emt 0:00:00]} h5 {[%emt 0:00:00]} 46. Be5 {[%emt 0:00:00]} Kf7 {[%emt 0:00:00]} 47. Bd6 {[%emt 0:00:00]} Ke8 {[%emt 0:00:00]} 48. Be5 {[%emt 0:00:00]} Kd7 {[%emt 0:00:00]} 49. Bb8 {[%emt 0:00:00]} Kc8 {[%emt 0:00:00]} 50. Bd6 {[%emt 0:00:00]} Kb7 {[%emt 0:00:00]} 51. Be5 {[%emt 0:00:00]} a5 {[%emt 0:00:00]} 52. a3 {[%emt 0:00:00]} a4 {[%emt 0:00:00]} 53. Bd6 {[%emt 0:00:00]} Kc8 {[%emt 0:00:00]} 54. Kg2 {[%emt 0:00:00]} Kd7 {[%emt 0:00:00]} 55. Bb8 {[%emt 0:00:00]} Ke7 {[%emt 0:00:00]} 56. Be5 {[%emt 0:00:00]} Kf7 {[%emt 0:00:00]} 57. Bd6 {[%emt 0:00:00]} Kf6 {[%emt 0:00:00]} 58. Be5+ {[%emt 0:00:00]} Kf5 {[%emt 0:00:00]} 59. Bd6 {[%emt 0:00:00]} Nd8 {[%emt 0:00:00]} 60. Bc7 {[%emt 0:00:00]} Nf7 {[%emt 0:00:00]} 61. Kh3 {[%emt 0:00:00]} Nh8 {[%emt 0:00:00]} 62. Bb8 {[%emt 0:00:00]} Ng6 {[%emt 0:00:00]} 63. Bd6 {[%emt 0:00:00]} Ke6 {[%emt 0:00:00]} 64. Bc7 {[%emt 0:00:00]} Kd7 {[%emt 0:00:00]} 65. Bb8 {[%emt 0:00:00]} Kc8 {[%emt 0:00:00]} 66. Bd6 {[%emt 0:00:00]} Kd8 {[%emt 0:00:00]} 67. Bc5 {[%emt 0:00:00]} Kc7 {[%emt 0:00:00]} 68. Ba7 {[%emt 0:00:00]} Ne7 {[%emt 0:00:00]} 69. Bc5 {[%emt 0:00:00]} Nf5 {[%emt 0:00:00]} 70. Bf8 {[%emt 0:00:00]} Kd7 {[%emt 0:00:00]} 71. Kg2 {[%emt 0:00:00]} Ne3+ {[%emt 0:00:00]} 72. Kf2 {[%emt 0:00:00]} Ke6 {[%emt 0:00:00]} 0-1

[Event "Fagernes GM Swiss 2020"]
[Site "Fagernes"]
[Date "2020.10.04"]
[Round "1.8"]
[White "Holm, Kristian Stuvik"]
[Black "Nilsen, Tobias Lang"]
[Result "1-0"]
[WhiteElo "2465"]
[BlackElo "2146"]
[Annotator "ChessBase"]
[PlyCount "77"]
[EventDate "2020.10.04"]
[EventType "swiss"]
[EventCountry "NOR"]
[SourceTitle "playchess.com"]
[Source "ChessBase"]
[SourceQuality "1"]
[TimeControl "40/6000+30:2400+30"]

1. c4 {[%emt 0:02:29]} e6 {[%emt 0:00:00]} 2. g3 {[%emt 0:00:07]} d5 {[%emt 0:00:05]} 3. Bg2 {[%emt 0:00:05]} Nf6 {[%emt 0:00:20]} 4. Nf3 {[%emt 0:00:07]} dxc4 {[%emt 0:00:17]} 5. Qa4+ {[%emt 0:00:06]} Nbd7 {[%emt 0:00:22]} 6. Qxc4 {[%emt 0:00:07]} a6 {[%emt 0:00:08]} 7. Qc2 {[%emt 0:00:06]} c5 {[%emt 0:00:30]} 8. Nc3 {[%emt 0:00:32]} Ra7 {[%emt 0:01:01]} 9. O-O {[%emt 0:02:53]} Be7 {[%emt 0:10:03]} 10. d4 {[%emt 0:02:14]} b5 {[%emt 0:00:56]} 11. dxc5 {[%emt 0:08:58]} Bxc5 {[%emt 0:00:10]} 12. Ng5 {[%emt 0:03:07]} Qc7 {[%emt 0:05:08]} 13. Qb3 {[%emt 0:04:39]} O-O {[%emt 0:13:42]} 14. Nce4 {[%emt 0:10:12]} Nxe4 {[%emt 0:02:19]} 15. Nxe4 {[%emt 0:00:31]} Bb6 {[%emt 0:00:07]} 16. Bf4 {[%emt 0:03:42]} e5 {[%emt 0:03:58]} 17. Rac1 {[%emt 0:02:39]} Qb8 {[%emt 0:00:18]} 18. Be3 {[%emt 0:12:21]} Rc7 {[%emt 0:13:37]} 19. Rxc7 {[%emt 0:02:10]} Qxc7 {[%emt 0:00:10]} 20. Rc1 {[%emt 0:00:25]} Qb8 {[%emt 0:00:13]} 21. Rd1 {[%emt 0:15:02]} Bxe3 {[%emt 0:13:18]} 22. Qxe3 {[%emt 0:00:32]} Nb6 {[%emt 0:00:06]} 23. b3 {[%emt 0:03:15]} h6 {[%emt 0:12:33]} 24. Rd6 {[%emt 0:07:27]} Nd7 {[%emt 0:00:54]} 25. Qd2 {[%emt 0:02:11]} Qc7 {[%emt 0:03:00]} 26. Qc3 {[%emt 0:03:58]} Qxc3 {[%emt 0:08:37]} 27. Nxc3 {[%emt 0:00:21]} Nf6 {[%emt 0:00:14]} 28. b4 {[%emt 0:05:28]} Re8 {[%emt 0:10:17]} 29. Bc6 {[%emt 0:00:30]} Rf8 {[%emt 0:00:06]} 30. a3 {[%emt 0:04:56]} Bh3 {[%emt 0:02:40]} 31. Bb7 {[%emt 0:04:28]} Rb8 {[%emt 0:00:16]} 32. Bxa6 {[%emt 0:01:59]} Ne8 {[%emt 0:00:29]} 33. Rc6 {[%emt 0:00:09]} Bd7 {[%emt 0:00:40]} 34. Rc5 {[%emt 0:00:06]} Nd6 {[%emt 0:00:25]} 35. Rc7 {[%emt 0:02:45]} Bh3 {[%emt 0:00:56]} 36. Rc6 {[%emt 0:01:10]} Nc4 {[%emt 0:02:05]} 37. a4 {[%emt 0:01:47]} Na3 {[%emt 0:02:02]} 38. Nxb5 {[%emt 0:01:31]} Rd8 {[%emt 0:00:07]} 39. Rd6 {[%emt 0:00:14]} 1-0